Môže byť zo Slovenska robotická veľmoc?

Robotika, jej rozvoj na Slovensku a v rámci bývalej ČSSR od polovice 80. rokov minulého storočia. Ekonomická transformácia 90. rokov 20. storočia a zmeny v tejto oblasti. Technologický transfer a inovačné aktivity, ktorých cieľom by malo byť dosiahnutie trhového podielu v určených technologických do...

Descripción completa

Guardado en:
Detalles Bibliográficos
Autor principal: Balog, Miroslav
Otros Autores: Kotorová Slušná, Ľubica
Formato: Capítulo de libro
Lenguaje:eslovaco
Materias:
Etiquetas: Agregar Etiqueta
Sin Etiquetas, Sea el primero en etiquetar este registro!

MARC

LEADER 00000naa a2200000 4500
001 0213939
005 20220725111500.5
041 0 |a slo 
044 |a SK 
245 1 0 |a Môže byť zo Slovenska robotická veľmoc?  |c Miroslav Balog, Ľubica Kotorová Slušná 
520 |a Robotika, jej rozvoj na Slovensku a v rámci bývalej ČSSR od polovice 80. rokov minulého storočia. Ekonomická transformácia 90. rokov 20. storočia a zmeny v tejto oblasti. Technologický transfer a inovačné aktivity, ktorých cieľom by malo byť dosiahnutie trhového podielu v určených technologických doménach a globálne technologické líderstvo. 
610 2 0 |a Slovensko 
610 2 0 |a Československo 
610 2 0 |a transfer technológie 
610 2 0 |a výroba automatizovaná 
610 2 0 |a roboty priemyselné 
610 2 0 |a systémy výrobné automatizované 
100 1 |a Balog, Miroslav 
700 1 |a Kotorová Slušná, Ľubica